000 00330nam a2200145Ia 4500
008 240624s9999 xx 000 0 und d
041 _aeng
082 _a339.4 WAR
100 _aWARDE ALAN
245 _aCONSUMPTION
260 _c2010
_aNew Delhi
_bSage
300 _al. : 403 : p. : cm. ; 23
365 _cBPS
_b38
440 _v3
999 _c28116
_d28116